Регионална библиотека "Любен Каравелов" - Русе

Педагогическа психология (Запис номер 187035)

MARC детайли
000 -Лидер
Контролно поле с фиксирана дължина 01413nam a2200313 c 4500
003 - Код на организацията, давaща контролен номер
Контролно поле BLK
005 - Дата и час на последна редакция
Контролно поле 20220221134241.0
008 - Елементи от данни с фиксирана дължина
fixed length control field 180411b bul|||||r ||||||| ||bul||
010 ## - Наследен системен номер
LC control number KNG00196039000
040 ## - Източник на каталожния запис
Идентификатор на билиотеката - собственик на записа BLK
041 ## - Код за език
Код за езика на текст/звукозапис или на отделно заглавие Български
Код за езика КДБФ Български
080 ## - УДК
Текстов определител УДК Педагогическа психология
УДК код - определител по УДК 37.015.3
УДК определител (075.8)
УДК - код + определител 37.015.3(075.8)
100 1# - Редна дума - Автор
Автор Пирьов, Генчо Димитров
Авторска отговорност първи автор
R(LIN) 364704
139 ## - Редно поле
Редна дума Пирьов, Генчо Димитров
Авторски знак Пир - П 53
245 10 - Сведения за заглавието
Заглавие Педагогическа психология
Подзаглавни данни Учебник за студентите от Филос.-истор. фак. при СУ Климент Охридски
Редно поле (дума) Генчо Димитров Пирьов.
250 ## - Област на изданието
Сведения за изданието 3. прераб. изд.
257 ## - Страна на издаване
Страна на създаване/издаване България
260 ## - Област на издателските данни
Име на издателя, разпространителя и проч. Наука и изкуство
Година на издаване 1962
Печатница В. Търново : Д. Найденов
Място на издаване, разпространение и проч. София
300 ## - Физическа характеристика
Страници 495 с.
Размери/Мащаб 22 см
380 ## - Жанр
Жанр Обществени науки
500 ## - Общи забележки
Забележка 1. изд. 1948-1949 на изд. Фонд за подпомагане студенти (Ч. 1 - 2). - 3 070 тир.
650 #4 - Допълнително описание по предмет – тема
Основно описание – тема или топоним Детска и педагогическа психология - учебници за ВУЗ
9 (RLIN) 242551
653 ## - Ключова дума – ненормативна
Ключова дума педагогическа психология
852 ## - Местоположение
Форматна сигнатура Цб 24920
Фондова буква Хранилище
856 4# - Електронен адрес и достъп
Електронен формат pdf - файл
856 4# - Електронен адрес и достъп
Електронен формат pdf - файл
999 ## - СИСТЕМНИ КОНТРОЛНИ НОМЕРА
Koha biblionumber 187035
Koha biblioitemnumber 187035
942 ## - АРТИКУЛИ
Вид на библиотечния материал Книги
Скрит в OPAC Не
Периодичен библиозапис Да
944 ## - СЪЗДАВАНЕ И РЕДАКЦИЯ на ЗАПИСА
Създаване/Редакция Създаване
Дата на регистрацията/редакция 15.11.2016
Служител, извършил регистрацията/редакцията Кети_Илиева
944 ## - СЪЗДАВАНЕ И РЕДАКЦИЯ на ЗАПИСА
Създаване/Редакция Редакция
Дата на регистрацията/редакция 2022-02-21
Служител, извършил регистрацията/редакцията СТ
999 ## - СИСТЕМНИ КОНТРОЛНИ НОМЕРА
Koha biblioitemnumber 187035
Наличности
Код за отписване Код за изгубен артикул Източник на класификационната схема Код за повреда Коз за рестрикции Код за отдаване Артикулен № Име на библиотеката - собственик Име на библиотеката, в която се намира в момента Статус (Текущо местоположение) Дата на вписване в системата Местоположение - отдел Цена в лева Инвентарен номер Систематично азбучна сигнатура Баркод Номер на екземпляра Цена в евро Служебна бележка Служебен тип на артикула
  Не е изгубен Universal Decimal Classification Не е повреден без рестрикции ползва се в читалня 326235 Регионална библиотека "Любен Каравелов" Русе Регионална библиотека "Любен Каравелов" Русе Хранилище 1962-01-01 Хранилище 1.78 20225/62 Цб 24920 900000090240 1 0.91 Вид: Сф Дата: 01.01.1962 Книги
Изтеглен Не е изгубен Universal Decimal Classification Не е повреден без рестрикции заемане за дома 326236 Регионална библиотека "Любен Каравелов" Русе Регионална библиотека "Любен Каравелов" Русе Заемна - подръчен фонд 1962-01-01 Заемна - подръчен фонд 0.00 19279/62 П 37.015.3/П 53 19279/62 2 0.00 Вид: Сф Дата: 01.01.1962 Книги
Изтеглен Не е изгубен Universal Decimal Classification Не е повреден без рестрикции заемане за дома 326237 Регионална библиотека "Любен Каравелов" Русе Регионална библиотека "Любен Каравелов" Русе Заемна - подръчен фонд 1962-01-01 Заемна - подръчен фонд 1.78 19282/62 П 37.015.3/П 53 19282/62 3 0.91 Вид: Сф Дата: 01.01.1962 Дата инв: 08.02.2018 Бележки инв: П2018 Книги
Изтеглен Не е изгубен Universal Decimal Classification Не е повреден без рестрикции заемане за дома 326238 Регионална библиотека "Любен Каравелов" Русе Регионална библиотека "Любен Каравелов" Русе Заемна - подръчен фонд 1962-01-01 Заемна - подръчен фонд 0.00 19284/62 П 37.015.3/П 53 19284/62 4 0.00 Вид: Сф Дата: 01.01.1962 Книги
Изтеглен Не е изгубен Universal Decimal Classification Не е повреден без рестрикции заемане за дома 326239 Регионална библиотека "Любен Каравелов" Русе Регионална библиотека "Любен Каравелов" Русе Заемна - подръчен фонд 1962-01-01 Заемна - подръчен фонд 10.00 562195 П 37.015.3/П 53 562195 5 5.11 Вид: Сф Дата: 01.01.1962 Книги
Vip Innovations Ltd, Rousse, Bulgaria 2025